Teaching with love & logic : (Record no. 13843)

000 -LEADER
fixed length control field 00693nam a22001937a 4500
008 - FIXED-LENGTH DATA ELEMENTS--GENERAL INFORMATION
fixed length control field 160920b xxu||||| |||| 00| 0 eng d
020 ## - INTERNATIONAL STANDARD BOOK NUMBER
International Standard Book Number 094463429-x
020 ## - INTERNATIONAL STANDARD BOOK NUMBER
International Standard Book Number 9780944634486
050 ## - LIBRARY OF CONGRESS CALL NUMBER
Classification number LB3012.2
Item number .F39 1995
100 ## - MAIN ENTRY--PERSONAL NAME
Personal name Fay, Jim
245 ## - TITLE STATEMENT
Title Teaching with love & logic :
Remainder of title taking control of the classroom/
Statement of responsibility, etc. Jim Fay and David Funk.
260 ## - PUBLICATION, DISTRIBUTION, ETC. (IMPRINT)
Place of publication, distribution, etc. United States of America :
Name of publisher, distributor, etc. The love and logic press ,
Date of publication, distribution, etc. c1995.
300 ## - PHYSICAL DESCRIPTION
Extent xv, 399p. :
Other physical details ill. ;
500 ## - GENERAL NOTE
General note Includes bibliography and index.
650 ## - SUBJECT ADDED ENTRY--TOPICAL TERM
Topical term or geographic name as entry element School discipline
General subdivision United States.
650 ## - SUBJECT ADDED ENTRY--TOPICAL TERM
Topical term or geographic name as entry element Classroom management
General subdivision United States.
700 ## - ADDED ENTRY--PERSONAL NAME
Personal name Funk, David
942 ## - ADDED ENTRY ELEMENTS (KOHA)
Source of classification or shelving scheme
Koha item type Hard Covered Materials
Classification part LB3012.2 .F39 1995
Koha issues (borrowed), all copies 1
Holdings
Withdrawn status Lost status Source of classification or shelving scheme Damaged status Not for loan Home library Current library Shelving location Date acquired Source of acquisition Total Checkouts Full call number Barcode Date last seen Date last checked out Price effective from Koha item type
          MACHAKOS UNIVERSITY LIBRARY MACHAKOS UNIVERSITY LIBRARY Open shelf 20/09/2016 Donation(BFA) 1 LB3012.2 .F39 1995 22781 06/05/2019 17/04/2019 20/09/2016 Hard Covered Materials
© Machakos University Library, Along The Highway, Machakos Wote Rd, Machakos, Kenya P.O. Box 136 - 90100 Machakos - Kenya

Tel: ( +254 ) 723 805829 OR Fax : 044-20353 OR Email: library@mksu.ac.ke